LEADER 00737nam0 2200253 450 001 000003834 005 20050630120000.0 010 $a88-503-2002-7 100 $a--------d2002----km-y0itay50------ba 101 $aita 102 $aIT 200 1 $a<>organizzazioni del turismo$fa cura di Flavio Sangalli 210 $aMilano$cApogeo$d2002c 215 $aVII, 273 p.$d24 cm 225 2 $aPercorsi aziendali 410 0$12001$aPercorsi aziendali 610 1 $aIndustria turistica$aItalia 676 $a338.479145 702 1$aSangalli,$bFlavio 801 0$aIT $bUNIPARTHENOPE $gRICA $2UNIMARC 912 $a000003834 951 $cNAVA1$a338-O/3$b35317$d20020423 996 $aOrganizzazioni del turismo$9741616 997 $aUNIPARTHENOPE